Photosynthesis A2 Aqa biology - Statistics

General Stats
  • This quiz has been taken 189 times
  • The average score is 6 of 15
Answer Stats
Hint Answer % Correct
Number of carbons in one molecule of Glycerate phosphate? 3
80%
How many carbons are there in one molecule of Ribulose Bisphosphate 5
70%
Another name for the light independent stage? Calvin Cycle
64%
Enzyme used to combine CO2 and RuBP? rubisco
63%
Where does the light independent stage occur? Stroma
60%
Which photosystem is used in the cyclic part of the light dependant reaction? Photosystem 1
54%
Name given to the splitting of water by light. Photolysis
50%
Where are the photosynthetic pigments found? Thylakoid membrane
36%
Name of the channel that H+ ions are actively transported through to the stroma. ATP synthase
34%
The name given to addition of a phosphate group to an ADP molecule to produce ATP using energy from photons. Photophosphorylation
33%
What wave length does photosystem 1 absorb? 700nm
31%
Two main products of the light dependant reaction? NADPH and ATP
18%
The name for the change in charge of the chlorophyll due to the loss of electrons caused by photons. Photoionisation
13%
The theory of ATP synthesis. Chemiosmotic theory
5%
What are the two main pigment groups in plants? Chlorophylls and carotenoids
4%
No matching quizzes found
Score Distribution
Percent of People with Each Score
Percentile by Number Answered
Your Score History
You have not taken this quiz